Advanced economic theory: Micro and macro analysis (Record no. 232213)

MARC details
000 -LEADER
fixed length control field 00435nam a2200169Ia 4500
008 - FIXED-LENGTH DATA ELEMENTS--GENERAL INFORMATION
fixed length control field 230917s9999||||xx |||||||||||||| ||und||
020 ## - ISBN
Price RS38
040 ## - CATALOGING SOURCE
-- 26134
Original cataloging agency VIVEKANANDA LIBRARY
041 ## - Language
-- English
082 ## - DDC NUMBER
Classification number 330.1, C455A
100 ## - MAIN ENTRY--PERSONAL NAME
Personal name Chopra, P N
245 #0 - TITLE STATEMENT
Title Advanced economic theory: Micro and macro analysis
250 ## - EDITION STATEMENT
Edition statement 5th ed.
260 ## - PUBLICATION, DISTRIBUTION, ETC. (IMPRINT)
Place of publication, distribution, etc New Delhi
Name of publisher, distributor, etc Kalyani publishers
Date of publication, distribution, etc 2982
300 ## - PHYSICAL DESCRIPTION
Pages Various pages p.
942 ## - ADDED ENTRY ELEMENTS (KOHA)
Koha item type Old Books
Holdings
Withdrawn status Lost status Damaged status Not for loan Location (home branch) Sublocation or collection (holding branch) Date acquired Koha issues (times borrowed) Koha full call number Accession No. Koha date last seen Koha item type
        VIVEKANANDA LIBRARY VIVEKANANDA LIBRARY 29/08/2002   330.1, C455A BB2334 17/09/2023 Old Books
© Designed and Maintained by Vivekananda Library, MDU Rohtak